Our earth : (Record no. 11300)
[ view plain ]
| 000 -LEADER | |
|---|---|
| fixed length control field | 00628nam a22002172 4500 |
| 001 - CONTROL NUMBER | |
| control field | 11300 |
| 003 - CONTROL NUMBER IDENTIFIER | |
| rucl marc code | BD RJUL |
| 005 - DATE AND TIME OF LATEST TRANSACTION | |
| control field | 20211208235113.0 |
| 008 - FIXED-LENGTH DATA ELEMENTS--GENERAL INFORMATION | |
| fixed length control field | 140126s1961 enka 000 0 eng d |
| 035 ## - SYSTEM CONTROL NUMBER | |
| System control number | BD RJUL 11349 |
| 040 ## - CATALOGING SOURCE | |
| Original cataloging agency | MNM |
| Transcribing agency | MNM |
| Modifying agency | UKM |
| -- | BD RJUL |
| Language of cataloging | eng |
| 041 ## - LANGUAGE CODE | |
| Language code of text/sound track or separate title | eng |
| 082 04 - DEWEY DECIMAL CLASSIFICATION NUMBER | |
| Classification number | 551 |
| Edition number | 18 |
| Author mark and year | BEO 1961 |
| 090 ## - LOCALLY ASSIGNED LC-TYPE CALL NUMBER (OCLC); LOCAL CALL NUMBER (OCLC) | |
| Classification number (OCLC) (R) ; Classification number, CALL (RLIN) (NR) | QB631 |
| Local cutter number (OCLC) ; Book number/undivided call number, CALL (RLIN) | .B4 |
| 100 1# - MAIN ENTRY--PERSONAL NAME | |
| Personal name | Beiser, Arthur. |
| 9 (RLIN) | 25591 |
| 245 10 - TITLE STATEMENT | |
| Title | Our earth : |
| Remainder of title | the properties of our planet, how they were discovered, and how they came into being. |
| 260 ## - PUBLICATION, DISTRIBUTION, ETC. (IMPRINT) | |
| Place of publication, distribution, etc. | London : |
| Name of publisher, distributor, etc. | Arco, |
| Date of publication, distribution, etc. | 1961. |
| 300 ## - PHYSICAL DESCRIPTION | |
| Pagination | 149 p. : |
| Illustrations | illus. ; |
| Size | 19 cm. |
| 651 #0 - SUBJECT ADDED ENTRY--GEOGRAPHIC NAME | |
| Geographic name | Earth (Planet) |
| 9 (RLIN) | 34951 |
| 942 ## - ADDED ENTRY ELEMENTS (KOHA) | |
| Source of classification or shelving scheme | Dewey Decimal Classification |
| Koha item type | Books |
| Lost status | Source of classification or shelving scheme | Damaged status | Not for loan | Collection code | Permanent Location | Current Location | Shelving location | Date acquired | Source of acquisition | Cost, normal purchase price | Total Checkouts | Full call number | Date last seen | Copy number | Koha item type |
|---|---|---|---|---|---|---|---|---|---|---|---|---|---|---|---|
| Dewey Decimal Classification | Not For Loan | Non-fiction | Central Library, University of Rajshahi | Central Library, University of Rajshahi | Reading Room | 16/11/1965 | Zeitlinger | 12.60 | 551 BEO 1961 | 26/01/2014 | C-1 | Books |